| 000 | 02900 a2200265 4500 | ||
|---|---|---|---|
| 005 | 20230608134855.0 | ||
| 008 | 230608c2023 sp|fr|p|o|||| 00| 0 spa d | ||
| 040 |
_aMX-MxUPN _bspa _cMX-MxUPN _eaacr2 |
||
| 100 | 1 |
_aParcerisa, Lluís _949220 |
|
| 100 | 1 |
_aCalderón-Garrido, Diego _949219 |
|
| 100 | 1 |
_aRivera-Vargas, Pablo _949221 |
|
| 100 | 1 |
_aMoreno-González, Ainara _949222 |
|
| 245 | 1 | 0 |
_aOpiniones de las familias sobre corporaciones tecnológicas, plataformas digitales educativas y derechos de la infancia: validación psicométrica de un instrumento _h[recurso electrónico en línea] |
| 506 | 0 | _aAcceso abierto | |
| 520 | 3 | 0 | _aDesde la irrupción de la COVID-19, la presencia de la tecnología educativa en las escuelas se ha intensificado. La adopción de tecnologías y plataformas digitales educativas está transformando los procesos de enseñan-za-aprendizaje, sumando nuevas complejidades en términos de vinculación escolar, derechos y equidad. Si bien es cierto que en las últimas décadas se ha producido un creciente interés por los derechos de la infancia (y el derecho a la privacidad en particular) en relación con el uso de redes y plataformas digitales, aún existe escasa evidencia sobre las percepciones de las familias acerca del uso en contextos educativos. Por ello, este artículo presenta el diseño y la validación psicométrica de un instrumento que permite ahondar en las opiniones y preocupaciones de las familias respecto a la presencia de corporaciones tecnológicas (Big Tech) en la escuela y acerca del uso de las plataformas digitales educativas por parte de sus hijos e hijas. Su construcción se informó con una revisión de la literatura sobre la temática y con entrevistas a expertos y expertas en este campo de estudio. El diseño del cuestionario se enriqueció con los comentarios y recomendaciones de especialistas y familias almacenados a partir de tres procesos de validación. El instrumento fue implementado de forma remota con una muestra representativa de las familias de Cataluña con hijos e hijas escolarizados en escuelas públicas de primaria y secundaria de Cataluña. El análisis de los resultados muestra tanto la adecuación de las dimensiones propuestas como la fiabilidad del instrumento |
| 650 | 2 |
_919068 _aEducación pública |
|
| 650 | 2 |
_913756 _aCuestionarios |
|
| 653 | _aPlataformas digitales educativas | ||
| 653 | _aDerechos de la infancia | ||
| 653 | _aCorporaciones tecnológicas | ||
| 773 | 0 |
_dBarcelona, España : Universidad Ramon Llull de Barcelona, Facultad de Psicología, Ciencias de la Educación y del Deporte Blanquerna, 1997- _tAloma : revista de psicología, ciencies de l'educació i de l de l'esport _x2339-9694 _gVol. 41, no. 1 (2023), p. 141-148 |
|
| 856 | 4 | 0 | _uhttp://www.revistaaloma.net/index.php/aloma/article/view/629/200200353 |
| 902 | _aGloria Jiménez/080623 | ||
| 942 | _cART-E | ||
| 999 |
_c209783 _d209783 |
||